<?xml version="1.0" encoding="UTF-8"?>
<record
    xmlns:xsi="http://www.w3.org/2001/XMLSchema-instance"
    xsi:schemaLocation="http://www.loc.gov/MARC21/slim http://www.loc.gov/standards/marcxml/schema/MARC21slim.xsd"
    xmlns="http://www.loc.gov/MARC21/slim">

  <leader>02136nam a22003257a 4500</leader>
  <controlfield tag="003">DO-SdBNP</controlfield>
  <controlfield tag="005">20250320105153.0</controlfield>
  <controlfield tag="007">ta</controlfield>
  <controlfield tag="008">210820b2020       abo|| |||| 00| 0 spa  </controlfield>
  <datafield tag="020" ind1=" " ind2=" ">
    <subfield code="a">978-9945-9235-3-7</subfield>
  </datafield>
  <datafield tag="040" ind1=" " ind2=" ">
    <subfield code="a">DO-SdBNP</subfield>
    <subfield code="b">spa</subfield>
    <subfield code="c">BNPHU</subfield>
  </datafield>
  <datafield tag="082" ind1=" " ind2="4">
    <subfield code="a">333.95</subfield>
    <subfield code="b">B562b</subfield>
    <subfield code="2">22</subfield>
  </datafield>
  <datafield tag="100" ind1="1" ind2=" ">
    <subfield code="a">Betancourt Fern&#xE1;ndez, Liliana.</subfield>
    <subfield code="9">9627</subfield>
  </datafield>
  <datafield tag="245" ind1="0" ind2="1">
    <subfield code="a">La biodiversidad en la Rep&#xFA;blica Dominicana /</subfield>
    <subfield code="c">Liliana Bitencourt Fern&#xE1;ndez, Alejandro Herrera Moreno, Br&#xED;gido Peguero</subfield>
  </datafield>
  <datafield tag="260" ind1=" " ind2=" ">
    <subfield code="a">Santo Domingo :</subfield>
    <subfield code="b">Ministerio de Medio Ambiente,</subfield>
    <subfield code="c">2020.</subfield>
  </datafield>
  <datafield tag="300" ind1=" " ind2=" ">
    <subfield code="a">489 p. :</subfield>
    <subfield code="b">il. , fots., mapas, tablas;</subfield>
    <subfield code="c">29 cm.</subfield>
  </datafield>
  <datafield tag="500" ind1=" " ind2=" ">
    <subfield code="a">Ap&#xE9;ndice A / Listado se especie costeras y marina.</subfield>
  </datafield>
  <datafield tag="504" ind1=" " ind2=" ">
    <subfield code="a">Incluye referencias bibliogr&#xE1;ficas:  p.(12-1) - (12-112)</subfield>
  </datafield>
  <datafield tag="505" ind1=" " ind2=" ">
    <subfield code="a">Indice general</subfield>
    <subfield code="t">Presentaci&#xF3;n --</subfield>
    <subfield code="t">Resumen ejecutivo --</subfield>
    <subfield code="t">Cap&#xED;tulo1. Introducci&#xF3;n y Antecedentes --</subfield>
    <subfield code="t">Cap&#xED;tulo 2. Metodolog&#xED;a --</subfield>
    <subfield code="t">Cap&#xED;tulo 3. Marco f&#xED;sico - geogr&#xE1;fico de la biodiversidad domninicana --</subfield>
    <subfield code="t">Cap&#xED;tulo 4. Caracterizaci&#xF3;n de los ecosistemas naturales --</subfield>
    <subfield code="t">Cap&#xED;tulo 5. Situaci&#xF3;n actual de la flora --</subfield>
    <subfield code="t">Cap&#xED;tulo 6. Situaci&#xF3;n actual de la fauna --</subfield>
    <subfield code="t">Cap&#xED;tulo 7. Habitats cr&#xED;ticos --</subfield>
    <subfield code="t">Cap&#xED;tulo 8. Usos  de la biodiversidad, amenazas e impactos --</subfield>
    <subfield code="t">Cap&#xED;tulo 9. Biodiversidad en las &#xC4;reas Protegidas --</subfield>
    <subfield code="t">Cap&#xED;tulo 10. Bases legales que sustentan la gesti&#xF3;n de la biodiversidad --</subfield>
    <subfield code="t">Cap&#xED;tulo 11. Recomendaciones --</subfield>
    <subfield code="t">Cap&#xED;tulo 12. Referencias bibliogr&#xE1;ficas --</subfield>
    <subfield code="t">Ap&#xE9;ndice A / Listado de especies costeras y marinas --</subfield>
    <subfield code="t">Ap&#xE9;ndice B / Listado se especies terrestres -- </subfield>
    <subfield code="t">mapas</subfield>
  </datafield>
  <datafield tag="590" ind1=" " ind2=" ">
    <subfield code="a">Inventariado, 2022/MFF</subfield>
  </datafield>
  <datafield tag="650" ind1=" " ind2="4">
    <subfield code="a">Biodiversidad</subfield>
    <subfield code="z">Rep&#xFA;blica Dominicana.</subfield>
    <subfield code="9">79516</subfield>
  </datafield>
  <datafield tag="650" ind1=" " ind2="4">
    <subfield code="a">Diversidad biol&#xF3;gica  </subfield>
    <subfield code="z">Rep&#xFA;blica Dominicana.</subfield>
    <subfield code="9">79517</subfield>
  </datafield>
  <datafield tag="650" ind1=" " ind2="7">
    <subfield code="a">Conservaci&#xF3;n del medio ambiente </subfield>
    <subfield code="z">Rep&#xFA;blica Dominicana</subfield>
    <subfield code="9">79518</subfield>
    <subfield code="2">LEMB</subfield>
  </datafield>
  <datafield tag="650" ind1=" " ind2="4">
    <subfield code="a">Protecci&#xF3;n del medio ambiente</subfield>
    <subfield code="z">Rep&#xFA;blica Dominicana.</subfield>
    <subfield code="9">79519</subfield>
  </datafield>
  <datafield tag="700" ind1="1" ind2=" ">
    <subfield code="a">Herrera Moreno, Alejandro</subfield>
    <subfield code="9">9624</subfield>
  </datafield>
  <datafield tag="700" ind1="1" ind2=" ">
    <subfield code="a">Peguero, Br&#xED;gido</subfield>
    <subfield code="9">82044</subfield>
  </datafield>
  <datafield tag="700" ind1="1" ind2=" ">
    <subfield code="a">Santana, Gloria</subfield>
    <subfield code="e">Coordinaci&#xF3;n t&#xE9;cnica, revisi&#xF3;n y edici&#xF3;n</subfield>
    <subfield code="9">79521</subfield>
  </datafield>
  <datafield tag="910" ind1=" " ind2=" ">
    <subfield code="a">Validado. Control de calidad MFF</subfield>
  </datafield>
  <datafield tag="942" ind1=" " ind2=" ">
    <subfield code="2">ddc</subfield>
    <subfield code="c">LBS1</subfield>
  </datafield>
  <datafield tag="952" ind1=" " ind2=" ">
    <subfield code="0">0</subfield>
    <subfield code="1">0</subfield>
    <subfield code="2">ddc</subfield>
    <subfield code="5">1</subfield>
    <subfield code="7">0</subfield>
    <subfield code="8">PD</subfield>
    <subfield code="a">BNPHU</subfield>
    <subfield code="b">BNPHU</subfield>
    <subfield code="c">HD</subfield>
    <subfield code="d">2021-06-24</subfield>
    <subfield code="e">Donado</subfield>
    <subfield code="o">BNPHU PD 333.95 B562b</subfield>
    <subfield code="p">2021-25565</subfield>
    <subfield code="r">2021-08-20</subfield>
    <subfield code="w">2021-08-20</subfield>
    <subfield code="y">LBS1</subfield>
  </datafield>
  <datafield tag="952" ind1=" " ind2=" ">
    <subfield code="0">0</subfield>
    <subfield code="1">0</subfield>
    <subfield code="2">ddc</subfield>
    <subfield code="5">1</subfield>
    <subfield code="7">0</subfield>
    <subfield code="8">PD</subfield>
    <subfield code="a">BNPHU</subfield>
    <subfield code="b">BNPHU</subfield>
    <subfield code="c">HD</subfield>
    <subfield code="d">2021-06-24</subfield>
    <subfield code="e">Donado</subfield>
    <subfield code="o">BNPHU PD 333.95 B562b</subfield>
    <subfield code="p">2021-25573</subfield>
    <subfield code="r">2021-08-20</subfield>
    <subfield code="t">e.2</subfield>
    <subfield code="w">2021-08-20</subfield>
    <subfield code="y">LBS1</subfield>
  </datafield>
  <datafield tag="952" ind1=" " ind2=" ">
    <subfield code="0">0</subfield>
    <subfield code="1">0</subfield>
    <subfield code="2">ddc</subfield>
    <subfield code="5">6</subfield>
    <subfield code="7">0</subfield>
    <subfield code="8">MO</subfield>
    <subfield code="a">BNPHU</subfield>
    <subfield code="b">BNPHU</subfield>
    <subfield code="c">HD</subfield>
    <subfield code="d">2021-06-24</subfield>
    <subfield code="e">Donado</subfield>
    <subfield code="o">BNPHU DS 333.95 B562b</subfield>
    <subfield code="p">2021-25574</subfield>
    <subfield code="r">2021-08-20</subfield>
    <subfield code="t">e. 3</subfield>
    <subfield code="w">2021-08-20</subfield>
    <subfield code="y">LBS1</subfield>
  </datafield>
  <datafield tag="999" ind1=" " ind2=" ">
    <subfield code="c">50232</subfield>
    <subfield code="d">50232</subfield>
  </datafield>
</record>
